Marvel Or Dc Characters #4 - Statistics

General Stats
  • This quiz has been taken 143 times
  • The average score is 13 of 15
Answer Stats
Question Answer % Correct
Bat girl/Bat woman DC
100%
Venom Marvel
100%
She-Hulk Marvel
100%
Gwen Stacy Marvel
97%
Red hood DC
96%
Reverse Flash DC
96%
Iron Patriot Marvel
94%
Carnage Marvel
94%
Nightwing DC
91%
Savitar DC
82%
Whiplash Marvel
82%
Red Death DC
76%
Riot Marvel
74%
Crossbones Marvel
72%
Gladiator Marvel
63%
No matching quizzes found
Score Distribution
Percent of People with Each Score
Percentile by Number Answered
Your Score History
You have not taken this quiz